Responses for show #3811 - Monday, March 12, 2001

Rick Knutsen game 5.

Contestants

[<< previous game]

Matt Ginsburg, a government consultant from Washington, D.C.

Amy DeLisa, an attorney from Framingham, Massachusetts

Rick Knutsen, a musician from Brooklyn, New York (whose 4-day cash winnings total $45,500)

[next game >>]

Jeopardy! Round responses

THE PREZ SAYS
'90s OSCAR WINNERS
MONTHS
A WATERY GRAVE
(Alex: We'll name the vessel, you tell us where it lies.)
IF I HAD A HAMMER...
IT TAKES "TOO"
    $100 1
slavery

Rick
    $100 3
Clint Eastwood

Matt
    $100 21
March

Matt
    $100 11
Atlantic Ocean

Rick
    $100 26
John Henry

Matt
    $100 16
(Amy: What is toucan?)

a cockatoo

AmyMatt
    $200 2
Teddy Roosevelt

Matt
    $200 4
Holly Hunter

Amy
    $200 22
September

Rick
    $200 12
Pearl Harbor

Rick
    $200 27
hammer throw

Rick
    $200 17
Stooge

Rick
    $300 6
George Washington

Amy
    $300 5
Nicolas Cage

Rick
    $300 23
May

Triple Stumper
    $300 13
Havana Harbor

Rick
    $300 28
(Rick: What are horseshoes?)

shoes

Rick
Triple Stumper
    $300 18
buck-toothed

Triple Stumper
    $400 9
poverty

Rick
    $400 7
(Elia) Kazan

Amy
    $400 24
October

Rick
    $400 14
(Rick: What is the North Sea?)
(Matt: What is the Baltic Sea?)

Barents (or Arctic Ocean)

RickMatt
Triple Stumper
    $400 29
Thor

Amy
    $400 19
platoon

Triple Stumper
    $500 10
(Amy: Who is MacArthur?)

Eisenhower

AmyMatt
    $500 8
John Williams

Amy
    $500 25
(Alex: Maybe because of Valentine's Day?)

February

Triple Stumper
    $500 15
Lake Superior

Rick
    $500 30
Scots

Triple Stumper
    $500 20
Mistook

Rick

Scores at the first commercial break (after clue 15):

Rick Amy Matt
$1,500 $900 $400

Scores at the end of the Jeopardy! Round:

Rick Amy Matt
$2,700 $1,200 $700

Double Jeopardy! Round responses

NORTH KOREA
LITERARY CROSSWORD CLUES “M”
FAMOUS FEMALES
1980s MUSIC
ARCHITECTS
WORD PLAY
    $200 26
World War II

Rick
    $200 6
Marian

Matt
    $200 11
Mother Teresa

Rick
    $200 1
Madonna

Rick
    $200 16
(Frank Lloyd) Wright

Matt
    $200 21
Eve

Amy
    $400 27
(Rick: Who is Hillary Clinton?)

Madeleine Albright

RickAmy
    $400 7
Machiavelli

Rick
    $400 12
Billie Holiday

Matt
    $400 2
Bryan Adams

Matt
    $400 17
Buckminster Fuller

Rick
    $400 22
B (for Burndi)

Rick
    $600 28
Democratic People's Republic of Korea

Matt
    $600 8
Marlowe

Rick
    $600 13
Saint Veronica

Triple Stumper
    $600 3
a-ha

Matt
    $600 18
Jefferson

Matt
    $600 23
black

Rick
    $800 29
nuclear reactors

Rick
    $1,000 9
Martin

Rick
    $800 14
Catherine of Aragon

Triple Stumper
    $800 4
Just Say Nyet

Triple Stumper
    $800 19
Saarinen

Rick
    $1,700 24
rotund

Rick
    $1000 30
Kim Jong-il

Rick
    $1000 10
Murdoch

Amy
    $1000 15
Isis

Amy
    $1000 5
Violent Femmes

Matt
    $1000 20
Le Corbusier

Triple Stumper
    $1000 25
aardwolf

Triple Stumper

Scores at the end of the Double Jeopardy! Round:

Rick Amy Matt
$10,600 $3,800 $4,700
(lock game)

[wagering suggestions for these scores]

Final Jeopardy! Round responses

BUSINESS & INDUSTRY
(Alex: Come on over here. Congratulations, young man.)
(Rick: Thank you very much.)
(Alex: 5-time champion, you know you have your selection of these, uh, automobiles, what have you decided on?)
(Rick: I took the twin Camaros, Alex.)
AmyWhat is Pepsi?
$3,800
MattWhat is boeing?
$3,800
RickWhat is Boeing?
$1,200
Boeing

Final scores:

Rick Amy Matt
$11,800 $0 $8,500
5-day champion: $57,300 3rd place 2nd place

Game dynamics:

Coryat scores:

Rick Amy Matt
$9,500 $3,800 $4,700
25 R
(including 2 DDs),
3 W
9 R
(including 1 DD),
2 W
14 R,
1 W

Combined Coryat: $18,000

The J! Archive is created by fans, for fans. The Jeopardy! game show and all elements thereof, including but not limited to copyright and trademark thereto, are the property of Jeopardy Productions, Inc. and are protected under law. This website is not affiliated with, sponsored by, or operated by Jeopardy Productions, Inc. Join the discussion at JBoard.tv.